000 00484nam a2200193Ia 4500
005 20250923144429.0
008 008 250917s9999 xx 000 0 eng d
037 _aTextual
040 _aDSWL
_beng
_cDSWL
041 _aeng
_2eng
084 _qDSWL
245 0 _aIndia:REF annual.1953
_cby Ministry of Information and Broadcasting Govt. of India
260 _c1953
300 _a423 p.
365 _aINR
_b5
925 _g5
942 _cTEXL
999 _c1438776
_d1438776